000 00355nam a2200145Ia 4500
005 20260328104345.0
008 260328s9999||||xx |||||||||||||| ||und||
100 _aCajibal, Miguel Ángel
245 0 _aOtro Historia del Arte /
_cMiguel Ángel Cajibal
250 _a1a ed.
260 _bPlan B
300 _a237 p.
650 _aHISTORIA
942 _cBK
999 _c12291
_d12291